000 01825nam a22003497a 4500
003 OSt
005 20230421081322.0
008 221006b |||||||| |||| 00| 0 eng d
040 _cBiblioteca Lado V
082 _a700
_bZ39a
100 _9802
_aZaya, Antonio
_eeditor
_edirector
245 _aAtalantica/
_bRevista de Arte y Pensamiento/
260 _bCentro Atlantico de Arte Moderno
_c1994
_aEspaña
300 _c24x30cm
_a192p.
366 _efre
366 _eeng
490 _v1994
_x1132-8428
_a8
505 _tTerritorios
_aMin Joong Art El arte africano contemporaneo desde la perspectiva del ejemplo sudanes Cruzando las fronteras Shirin Neshart y las mujeres de Allah Proyecto de Ricardo de Oliveira para Atlantica Luis Gordillo Momento Amore
505 _tNexus
_aArte y Naturaleza en la propuesta estética Cesar Manrique y el futuro imposible
505 _tDossier V Bienal de la Habana
_aArte, Sociedad y Bienal de la Habana Proyecto de Manuel Piña para Atlantica La crisis de la crisis Proyecto de Tonel La otra orilla
505 _tRevista
_aArte Africano La Cultura Cubana con Sabor Proyecto de Iraida La Justicia o la Coreografia del Equilibrio De Colombia. Arte Actual
650 _2Tesauro de Arte & Arquitectura
_aARTE
_9703
650 _2Tesauro de Arte & Arquitectura
_aEXPOSICIONES
650 _2Tesauro de Arte & Arquitectura
_aCULTURA
650 _2Tesauro de Arte & Arquitectura
_aAPRECIACION
650 _2Tesauro de Arte & Arquitectura
_aTEORIA
650 _2Tesauro de Arte & Arquitectura
_aCRITICA
650 _2Tesauro de Arte & Arquitectura
_aFOTOGRAFIA
_9702
650 _2Tesauro de Arte & Arquitectura
_aLITERATURA
650 _2Tesauro de Arte & Arquitectura
_aESPAÑA
942 _2ddc
_c1
_h700
_iZ39a
_n0
999 _c3410
_d3410